Top 20 gesündeste Obst - Statistiken

Allgemein
  • Dieses Quiz wurde 1.028 mal gespielt
  • Das Durchschnittsergebnis liegt bei 9 aus 20
Antwortstatistiken
# Obst % Korrekt
5 Apfel
99%
16 Banane
95%
8 Erdbeere
85%
15 Apfelsine
84%
10 Zitrone
63%
17 Traube
60%
7 Mango
59%
20 Kirsche
57%
2 Ananas
55%
4 Blaubeere
52%
14 Brombeere
47%
12 Wassermelone
45%
19 Papaya
33%
3 Avocado
31%
1 Grapefruit
29%
6 Granatapfel
22%
9 Moosbeere
6%
11 Durian
3%
13 Olive
3%
18 Guaven
1%
Keine übereinstimmenden Quizze gefunden
Verteilung der Resultate
Anzahl Personen mit jedem Resultat
Perzentil nach korrekt beantworteten Fragen
Ihre Resultats-Entwicklung
Sie haben dieses Quiz noch nicht gespielt